000 00842nam a2200265 i 4500
001 14736
003 ES-MaACL
005 20250725215321.0
007 t|
008 880606s1987 sp ||||0| spa j ..|
015 _a1988-SEP-14315
016 7 _zSAB9000022097
020 _a84-398-9228-4
040 _aM-BN-DP
_bspa
_cM-BN-DP
080 _a097
100 0 _aHuarte Morton, Fernando,
_d1921-2011
_964474
245 1 3 _aEl Exlibris /
_cF. Huarte Morton.
260 _aMadrid :
_bConfederación Española de Gremios y Asociaciones de Libreros,
_cD.L. 1987.
300 _a45, [80] p. :
_bil. ;
_c12x18 cm.
504 _aIndice.
650 7 _aExlibris
_2embne
_912630
710 2 _aConfederación Española de Gremios y Asociaciones de Libreros.
_93155
852 _aES-MaACL
_jL-21949
_bR.114259
999 _c14736
_d14736